Wie viele Sprachen spricht die Literatur? [Rezension]
| Titel: | Wie viele Sprachen spricht die Literatur? [Rezension] / Alicja Krauze-Olejniczak |
|---|---|
| Verfasser: | |
| In: |
Convivium, (2014), Seite 258-262 alle Artikel anzeigen |
| Veröffentlicht: | 2014 |
| Format: | Aufsatz |
| Sprache: | Deutsch |
X
alg: 36531494 001A $04504:13-10-15 001B $01999:23-07-19 $t17:37:35.000 001C $04504:13-10-15 $t16:17:45.000 001D $04504:13-10-15 001U $0utf8 001X $00 002@ $0Aou 003@ $0365314943 007A $0365314943 $aHEB 010@ $ager 011@ $a2014 021A $aWie viele Sprachen spricht die Literatur? [Rezension] $hAlicja Krauze-Olejniczak 028A $#Olejniczak, Alicja Krauze- $71132159652 $8Krauze-Olejniczak, Alicja [Tp3] $9403125480 031A $h258-262 $j2014 039B $aIn: $8--Abvc--. Convivium. - Łódź : Verlag der Universität Lodz, 1994-. - ISSN 2196-8403 $x201400000000000742 $9048657417 039T $8--Aau--. Wie viele Sprachen spricht die Literatur?. - Wien : Praesens-Verl., 2014. - 226 S.. - Ill.. - ISBN 3-7069-0759-3 $9337929629 045T $a7,20 $a7,20 045T $aAVL $qDE-30 $2FID 045T $aGER $qDE-30 $2FID 045V $805.07.00$jDeutschsprachige Literatur des Auslandes [Tkx] $9118843427 lok: 36531494 62 exp: 36531494 62 1 #EPN 201B/01 $013-10-15 $t23:29:44.000 203@/01 $076181678X 208@/01 $a13-10-15 $be 209A/01 $a/ $f000 $x00 209B/01 $a2015 $x05 247C/01 $8Frankfurt, Bibliographie der Deutschen Sprach- und Literaturwissenschaft $9113214561 201U/01 $0utf8 lok: 36531494 78 exp: 36531494 78 1 #EPN 201B/01 $018-09-19 $t14:36:53.000 201C/01 $018-09-19 201U/01 $0utf8 203@/01 $01060167719 208@/01 $a18-09-19 $be 209A/01 $a/ $f000 $x00 209A/01 $ab*p $x01 220C/01 $apgar 247C/01 $82080>Marburg/Lahn, Herder-Institut, Forschungsbibliothek, Bibliographieportal $9336309341
| LEADER | 00000caa a2200000 c 4500 | ||
|---|---|---|---|
| 001 | 365314943 | ||
| 003 | DE-603 | ||
| 005 | 20190723173735.0 | ||
| 007 | tu | ||
| 008 | 151013s2014 xx |||| | u00||u|ger c | ||
| 035 | |a (DE-599)HEB365314943 | ||
| 040 | |a DE-603 |b ger |c DE-603 |d DE-603 | ||
| 041 | |a ger | ||
| 084 | |a 7,20 |a 7,20 |2 ssgn | ||
| 084 | |a AVL |q DE-30 |2 fid | ||
| 084 | |a GER |q DE-30 |2 fid | ||
| 100 | 1 | |a Krauze-Olejniczak, Alicja |0 (DE-603)403125480 |0 (DE-588)1132159652 |2 gnd | |
| 245 | 0 | 0 | |a Wie viele Sprachen spricht die Literatur? [Rezension] |c Alicja Krauze-Olejniczak |
| 264 | 0 | |c 2014 | |
| 773 | 0 | 8 | |i In: |t Convivium |d Łódź : Verlag der Universität Lodz, 1994- |x 2196-8403 |g (2014), Seite 258-262 |w (DE-603)048657417 |w (DE-600)1221798-0 |
| 787 | 0 | 8 | |i Rezension von |t Wie viele Sprachen spricht die Literatur? |d Wien : Praesens-Verl., 2014 |h 226 S., Ill. |z 3706907593 |z 9783706907590 |w (DE-603)337929629 |
| 924 | 0 | |9 603 |a (DE-603)76181678X |b DE-603 |c HES |d d | |
| 924 | 0 | |9 2080 |a (DE-603)1060167719 |b DE-2080 |c HES |d d |g / | |


